Celebriamo in Spirito e verità (Record n. 101914)
[ formato base ]
| 000 -LEADER | |
|---|---|
| fixed length control field | 01355njm a2200313Ia 4500 |
| 001 - CONTROL NUMBER | |
| control field | B5172 |
| 003 - CONTROL NUMBER IDENTIFIER | |
| control field | IT-RoPAU |
| 005 - DATE AND TIME OF LATEST TRANSACTION | |
| control field | 20220918181149.0 |
| 008 - FIXED-LENGTH DATA ELEMENTS--GENERAL INFORMATION | |
| fixed length control field | 131025s9999 xx 000 0 und d |
| 040 ## - CATALOGING SOURCE | |
| Original cataloging agency | IT-RoPAU |
| 040 ## - CATALOGING SOURCE | |
| Transcribing agency | IT-RoPAU |
| 041 ## - LANGUAGE CODE | |
| Language code of text/sound track or separate title | ITALIANO |
| 999 ## - SYSTEM CONTROL NUMBERS (KOHA) | |
| Koha Dewey Subclass [OBSOLETE] | n.d. |
| 100 ## - MAIN ENTRY--PERSONAL NAME | |
| Personal name | Parisi Antonio |
| 9 (RLIN) | 28903 |
| 100 ## - MAIN ENTRY--PERSONAL NAME | |
| Relator term | Autore musica |
| 9 (RLIN) | 28904 |
| 100 ## - MAIN ENTRY--PERSONAL NAME | |
| Miscellaneous information | Codice autore musica SPICS: 35389 |
| 9 (RLIN) | 28905 |
| 245 ## - TITLE STATEMENT | |
| Title | Celebriamo in Spirito e verità |
| 250 ## - EDITION STATEMENT | |
| Edition statement | 1a ed. |
| 260 ## - PUBLICATION, DISTRIBUTION, ETC. (IMPRINT) | |
| Place of publication, distribution, etc. | ROMA |
| 260 ## - PUBLICATION, DISTRIBUTION, ETC. (IMPRINT) | |
| Name of publisher, distributor, etc. | EP - MUSICALI E DISCOGRAFICHE |
| Date of publication, distribution, etc. | 1992 [1a Ed.:1992 - Ed. Lingua Orig.: 1992] |
| 300 ## - PHYSICAL DESCRIPTION | |
| Extent | MUSICASSETTA |
| 300 ## - PHYSICAL DESCRIPTION | |
| Dimensions | 34 minuti (Testo: 0 pag.) |
| 500 ## - GENERAL NOTE | |
| General note | Musica religiosa, liturgica. Messa per assemblea e coro a 3 voci. |
| 505 ## - FORMATTED CONTENTS NOTE | |
| Formatted contents note | In Spirito e verità - Kyrie eleison - Gloria a Dio nell'alto dei cieli - Grandi cose - Alleluia, la tua parola - Santo santo - Annunciamo la tua morte - Amen - Padre nostro - Tuo è il regno - Agnello di Dio - Pane di vita - Tu, Signore, sei il mio pastore - La dimora di Dio tra gli uomini - Con gioia (strumentale) |
| 650 ## - SUBJECT ADDED ENTRY--TOPICAL TERM | |
| Topical term or geographic name as entry element | LITURGICO [CASSETTE] |
| Relator term | Codice MATERIA SPICS: 9951 |
| 9 (RLIN) | 5632 |
| 700 ## - ADDED ENTRY--PERSONAL NAME | |
| Personal name | Parisi Antonio |
| Relator term | Autore testo e musica |
| Miscellaneous information | Codice autore testo/musica SPICS: 35389 |
| 9 (RLIN) | 28906 |
| 700 ## - ADDED ENTRY--PERSONAL NAME | |
| Personal name | Parisi Antonio |
| Miscellaneous information | Codice interprete SPICS: 35389 |
| Relator term | Interprete |
| 9 (RLIN) | 28907 |
| 942 ## - ADDED ENTRY ELEMENTS (KOHA) | |
| Koha item type | MUSICASSETTE |
| Source of classification or shelving scheme | Dewey Decimal Classification |
| Withdrawn status | Lost status | Damaged status | Not for loan | Home library | Current library | Date acquired | Total Checkouts | Full call number | Date last seen | Price effective from | Koha item type | Public note |
|---|---|---|---|---|---|---|---|---|---|---|---|---|
| Buone Condizioni | Not For Loan | SPICS-MEDIATECA | SPICS-MEDIATECA | 25/10/2013 | B5172 | 25/10/2013 | 25/10/2013 | MUSICASSETTE | Progr. Ins.: 636 / N.Vol.: 1 / Copie: 1 - Copia rara: n.d. / date import: 01.01.2014 - By Epidotti, Trombetti, Vaglietti |